| 000 | 00834nam a2200253 u 4500 | ||
|---|---|---|---|
| 001 | 63796 | ||
| 005 | 20180714070359.0 | ||
| 008 | 151216s2008 sp r 000 0 spa d | ||
| 020 | _a9788437506036 | ||
| 041 | _aspa | ||
| 082 | 0 |
_a027.046 _bCOR |
|
| 100 | 1 |
_aCortés Alonso, Vicenta _eautor |
|
| 245 | 1 | 0 |
_aArchivos de España y América : _bmateriales para un manual / _cVicenta Cortés Alonso. |
| 250 | _aPrimera edición | ||
| 264 | 1 |
_aEspaña : _bFondo de Cultura Económica de España, _c2008 |
|
| 300 |
_a2 volúmenes (671; 745 páginas) ; _c24 cm. |
||
| 336 |
_atexto _2rdacontent |
||
| 337 |
_asin mediación _2rdamedia |
||
| 338 |
_avolumen _2rdacarrier |
||
| 490 | 0 | _aTezontle | |
| 650 | 4 |
_aArchivos _zEspaña |
|
| 650 | 4 |
_aArchivos _zLatinoamerica |
|
| 650 | 4 |
_aLatinoamerica _xHistoria 1830 _xFuentes |
|
| 999 |
_c63796 _d63796 |
||